Những áng văn ẩm thực

Spremljeno u:
Bibliografski detalji
Format: Knjiga
Jezik:Undetermined
Izdano: Hà Nội VHTT 2001
Teme:
Oznake: Dodaj oznaku
Bez oznaka, Budi prvi tko označuje ovaj zapis!
Thư viện lưu trữ: Trung tâm Học liệu Trường Đại học Cần Thơ
LEADER 00412nam a2200145Ia 4500
001 CTU_45670
008 210402s9999 xx 000 0 und d
082 |a 895.9223008 
082 |b Nh556 
245 0 |a Những áng văn ẩm thực 
260 |a Hà Nội 
260 |b VHTT 
260 |c 2001 
650 |a vietnamese literaturre - collections 
980 |a Trung tâm Học liệu Trường Đại học Cần Thơ